Statistics for Canada Trivia #1

Click here to take the quiz!

General Stats

  • This quiz has been taken 81 times
    (45 since last reset)
  • The average score is 17 of 22

Answer Stats

HintAnswer% Correct
Winter SportHockey
100%
CapitalOttawa
100%
Largest City in CanadaToronto
100%
Official LanguageEnglish
98%
Official LanguageFrench
98%
AnthemO Canada
98%
Newest TerritoryNunavut
93%
Summer SportLacrosse
91%
French Fries, Gravy and Cheese CurdsPoutine
88%
Host of 2010 Winter OlympicsVancouver
88%
Newest ProvinceNewfoundland & Labrador
81%
First Canadian National ParkBanff National Park
74%
Largest WaterfallNiagara Falls
74%
First Prime MinisterSir John A. MacDonald
74%
Largest LakeLake Superior
72%
Largest IslandBaffin Island
70%
Host of 1988 Winter OlympicsCalgary
70%
Host of 1976 Summer OlympicsMontreal
67%
Oldest Company of CanadaHudson's Bay Company
51%
Highest Mountain in CanadaMount Logan
51%
Polar Bear Capital of the WorldChurchill, Manitoba
49%
Deepest Lake in CanadaGreat Slave Lake
44%

Score Distribution

Percentile by Number Answered

Percent of People with Each Score

Your Score History

You have not taken this quiz since the last reset